Présentation de la pisciculture en cages flottantes dans le sud-VietNam : Caractéristiques de l'élevage sur le Mékong de pangasius pangasius
Đã lưu trong:
| 格式: | 圖書 |
|---|---|
| 語言: | Undetermined |
| 出版: |
France
Philippe CACOT
1994
|
| 主題: | |
| 標簽: |
添加標簽
沒有標簽, 成為第一個標記此記錄!
|
| Thư viện lưu trữ: | Trung tâm Học liệu Trường Đại học Cần Thơ |
|---|
| LEADER | 00554nam a2200169Ia 4500 | ||
|---|---|---|---|
| 001 | CTU_150604 | ||
| 008 | 210402s9999 xx 000 0 und d | ||
| 082 | |a 639.3 | ||
| 082 | |b P933 | ||
| 245 | 0 | |a Présentation de la pisciculture en cages flottantes dans le sud-VietNam : | |
| 245 | 0 | |b Caractéristiques de l'élevage sur le Mékong de pangasius pangasius | |
| 260 | |a France | ||
| 260 | |b Philippe CACOT | ||
| 260 | |c 1994 | ||
| 650 | |a Fisheries,Nghề cá | ||
| 904 | |i Trọng Hải | ||
| 980 | |a Trung tâm Học liệu Trường Đại học Cần Thơ | ||